日本の市町村1999 #2(東北) - Statistics

General Stats
  • This quiz has been taken 111 times
  • The average score is 192 of 400
Answer Stats
都道府県 所属郡名 市区町村名 % Correct
宮城県 仙台市
91%
青森県 青森市
88%
青森県 弘前市
88%
青森県 むつ市
86%
青森県 八戸市
84%
岩手県 盛岡市
84%
福島県 福島市
84%
岩手県 一関市
81%
福島県 いわき市
81%
青森県 五所川原市
79%
岩手県 花巻市
79%
岩手県 二戸市
79%
岩手県 大船渡市
79%
宮城県 石巻市
79%
宮城県 名取市
79%
山形県 山形市
79%
福島県 郡山市
79%
福島県 会津若松市
79%
青森県 十和田市
77%
青森県 下北郡 大間町
77%
青森県 上北郡 七戸町
77%
青森県 三戸郡 五戸町
77%
青森県 三戸郡 三戸町
77%
岩手県 北上市
77%
岩手県 釜石市
77%
岩手県 陸前高田市
77%
宮城県 気仙沼市
77%
宮城県 古川市
77%
宮城県 多賀城市
77%
宮城県 岩沼市
77%
宮城県 亘理郡 亘理町
77%
秋田県 秋田市
77%
福島県 相馬市
77%
青森県 三沢市
74%
青森県 東津軽郡 今別町
74%
青森県 上北郡 六戸町
74%
岩手県 水沢市
74%
岩手県 宮古市
74%
岩手県 久慈市
74%
岩手県 遠野市
74%
岩手県 九戸郡 九戸村
74%
宮城県 柴田郡 柴田町
74%
山形県 米沢市
74%
山形県 鶴岡市
74%
山形県 酒田市
74%
福島県 白河市
74%
福島県 二本松市
74%
岩手県 岩手郡 滝沢村
72%
岩手県 二戸郡 一戸町
72%
宮城県 白石市
72%
青森県 黒石市
70%
青森県 南津軽郡 田舎館村
70%
青森県 下北郡 東通村
70%
青森県 上北郡 横浜町
70%
青森県 上北郡 野辺地町
70%
岩手県 岩手郡 岩手町
70%
岩手県 下閉伊郡 山田町
70%
宮城県 塩竈市
70%
宮城県 角田市
70%
宮城県 牡鹿郡 女川町
70%
宮城県 刈田郡 蔵王町
70%
秋田県 横手市
70%
秋田県 男鹿市
70%
山形県 天童市
70%
山形県 新庄市
70%
福島県 喜多方市
70%
青森県 西津軽郡 深浦町
67%
岩手県 江刺市
67%
岩手県 西磐井郡 平泉町
67%
宮城県 登米郡 登米町
67%
宮城県 宮城郡 利府町
67%
宮城県 黒川郡 富谷町
67%
宮城県 柴田郡 大河原町
67%
秋田県 大館市
67%
秋田県 大曲市
67%
山形県 上山市
67%
山形県 南陽市
67%
山形県 村山市
67%
山形県 最上郡 最上町
67%
福島県 原町市
67%
福島県 伊達郡 伊達町
67%
青森県 西津軽郡 鰺ヶ沢町
65%
岩手県 紫波郡 紫波町
65%
宮城県 宮城郡 松島町
65%
宮城県 刈田郡 七ヶ宿町
65%
秋田県 本荘市
65%
秋田県 湯沢市
65%
秋田県 鹿角市
65%
福島県 須賀川市
65%
福島県 耶麻郡 猪苗代町
65%
福島県 石川郡 石川町
65%
青森県 東津軽郡 蓬田村
63%
青森県 下北郡 佐井村
63%
岩手県 岩手郡 雫石町
63%
宮城県 遠田郡 小牛田町
63%
宮城県 亘理郡 山元町
63%
宮城県 伊具郡 丸森町
63%
秋田県 能代市
63%
秋田県 仙北郡 田沢湖町
63%
山形県 東根市
63%
山形県 長井市
63%
山形県 尾花沢市
63%
山形県 飽海郡 遊佐町
63%
山形県 北村山郡 大石田町
63%
山形県 東置賜郡 高畠町
63%
福島県 伊達郡 桑折町
63%
福島県 安達郡 本宮町
63%
福島県 双葉郡 双葉町
63%
福島県 双葉郡 楢葉町
63%
福島県 耶麻郡 西会津町
63%
青森県 上北郡 六ヶ所村
60%
青森県 三戸郡 階上町
60%
岩手県 下閉伊郡 普代村
60%
宮城県 玉造郡 鳴子町
60%
宮城県 宮城郡 七ヶ浜町
60%
山形県 寒河江市
60%
福島県 双葉郡 浪江町
60%
福島県 双葉郡 大熊町
60%
福島県 耶麻郡 磐梯町
60%
福島県 河沼郡 会津坂下町
60%
福島県 西白河郡 西郷村
60%
青森県 東津軽郡 平内町
58%
青森県 東津軽郡 蟹田町
58%
青森県 北津軽郡 鶴田町
58%
青森県 中津軽郡 西目屋村
58%
青森県 下北郡 風間浦村
58%
宮城県 遠田郡 涌谷町
58%
宮城県 桃生郡 雄勝町
58%
宮城県 黒川郡 大衡村
58%
宮城県 柴田郡 村田町
58%
秋田県 北秋田郡 上小阿仁村
58%
秋田県 仙北郡 角館町
58%
秋田県 由利郡 仁賀保町
58%
秋田県 雄勝郡 雄勝町
58%
山形県 西置賜郡 小国町
58%
福島県 伊達郡 国見町
58%
福島県 相馬郡 新地町
58%
福島県 東白川郡 矢祭町
58%
青森県 東津軽郡 三厩村
56%
青森県 北津軽郡 板柳町
56%
青森県 西津軽郡 木造町
56%
青森県 南津軽郡 大鰐町
56%
岩手県 岩手郡 葛巻町
56%
岩手県 下閉伊郡 岩泉町
56%
岩手県 下閉伊郡 田野畑村
56%
岩手県 上閉伊郡 大槌町
56%
宮城県 栗原郡 栗駒町
56%
宮城県 黒川郡 大和町
56%
宮城県 柴田郡 川崎町
56%
秋田県 鹿角郡 小坂町
56%
秋田県 由利郡 由利町
56%
秋田県 由利郡 象潟町
56%
福島県 田村郡 三春町
56%
福島県 南会津郡 田島町
56%
福島県 西白河郡 矢吹町
56%
福島県 東白川郡 塙町
56%
青森県 北津軽郡 中里町
53%
青森県 三戸郡 南部町
53%
青森県 三戸郡 田子町
53%
岩手県 紫波郡 矢巾町
53%
岩手県 胆沢郡 金ヶ崎町
53%
岩手県 気仙郡 三陸町
53%
岩手県 九戸郡 野田村
53%
秋田県 南秋田郡 八郎潟町
53%
秋田県 山本郡 山本町
53%
山形県 最上郡 真室川町
53%
山形県 最上郡 金山町
53%
山形県 西田川郡 温海町
53%
福島県 安達郡 安達町
53%
福島県 相馬郡 鹿島町
53%
福島県 相馬郡 飯舘村
53%
福島県 河沼郡 柳津町
53%
福島県 大沼郡 金山町
53%
福島県 南会津郡 只見町
53%
青森県 南津軽郡 藤崎町
51%
青森県 南津軽郡 浪岡町
51%
青森県 南津軽郡 碇ヶ関村
51%
青森県 上北郡 東北町
51%
宮城県 加美郡 色麻町
51%
宮城県 本吉郡 本吉町
51%
宮城県 本吉郡 志津川町
51%
秋田県 北秋田郡 鷹巣町
51%
秋田県 北秋田郡 阿仁町
51%
山形県 東田川郡 三川町
51%
山形県 東田川郡 余目町
51%
福島県 双葉郡 広野町
51%
福島県 南会津郡 檜枝岐村
51%
福島県 岩瀬郡 鏡石町
51%
青森県 北津軽郡 小泊村
49%
青森県 南津軽郡 平賀町
49%
青森県 上北郡 上北町
49%
青森県 上北郡 下田町
49%
青森県 三戸郡 新郷村
49%
岩手県 和賀郡 東和町
49%
岩手県 胆沢郡 胆沢町
49%
岩手県 気仙郡 住田町
49%
岩手県 九戸郡 軽米町
49%
宮城県 登米郡 石越町
49%
宮城県 登米郡 東和町
49%
宮城県 桃生郡 桃生町
49%
宮城県 牡鹿郡 牡鹿町
49%
宮城県 黒川郡 大郷町
49%
秋田県 南秋田郡 大潟村
49%
秋田県 仙北郡 仙北町
49%
山形県 最上郡 鮭川村
49%
山形県 最上郡 戸沢村
49%
福島県 伊達郡 霊山町
49%
福島県 安達郡 東和町
49%
福島県 相馬郡 小高町
49%
福島県 田村郡 小野町
49%
福島県 東白川郡 棚倉町
49%
岩手県 和賀郡 湯田町
47%
宮城県 栗原郡 築館町
47%
宮城県 栗原郡 志波姫町
47%
宮城県 桃生郡 河北町
47%
山形県 西村山郡 河北町
47%
山形県 西村山郡 西川町
47%
福島県 双葉郡 富岡町
47%
福島県 双葉郡 川内村
47%
福島県 耶麻郡 北塩原村
47%
福島県 河沼郡 湯川村
47%
福島県 南会津郡 下郷町
47%
福島県 岩瀬郡 天栄村
47%
福島県 石川郡 玉川村
47%
青森県 北津軽郡 金木町
44%
岩手県 下閉伊郡 田老町
44%
宮城県 桃生郡 矢本町
44%
秋田県 南秋田郡 五城目町
44%
秋田県 山本郡 二ツ井町
44%
秋田県 山本郡 八森町
44%
秋田県 雄勝郡 羽後町
44%
山形県 西村山郡 大江町
44%
山形県 東村山郡 中山町
44%
山形県 東置賜郡 川西町
44%
福島県 伊達郡 川俣町
44%
福島県 安達郡 大玉村
44%
福島県 東白川郡 鮫川村
44%
青森県 上北郡 十和田湖町
42%
岩手県 胆沢郡 前沢町
42%
宮城県 玉造郡 岩出山町
42%
宮城県 志田郡 鹿島台町
42%
秋田県 南秋田郡 井川町
42%
秋田県 由利郡 金浦町
42%
秋田県 平鹿郡 十文字町
42%
山形県 西村山郡 朝日町
42%
山形県 西置賜郡 白鷹町
42%
山形県 西置賜郡 飯豊町
42%
福島県 伊達郡 保原町
42%
福島県 田村郡 船引町
42%
福島県 双葉郡 葛尾村
42%
福島県 石川郡 浅川町
42%
福島県 西白河郡 泉崎村
42%
青森県 東津軽郡 平舘村
40%
青森県 下北郡 川内町
40%
岩手県 岩手郡 松尾村
40%
岩手県 西磐井郡 花泉町
40%
岩手県 九戸郡 種市町
40%
宮城県 栗原郡 若柳町
40%
宮城県 栗原郡 金成町
40%
宮城県 登米郡 迫町
40%
秋田県 河辺郡 河辺町
40%
秋田県 山本郡 藤里町
40%
秋田県 由利郡 矢島町
40%
秋田県 雄勝郡 東成瀬村
40%
山形県 東村山郡 山辺町
40%
福島県 大沼郡 会津高田町
40%
福島県 大沼郡 三島町
40%
福島県 大沼郡 昭和村
40%
青森県 西津軽郡 森田村
37%
青森県 西津軽郡 車力村
37%
青森県 下北郡 脇野沢村
37%
青森県 上北郡 百石町
37%
岩手県 二戸郡 浄法寺町
37%
宮城県 栗原郡 一迫町
37%
山形県 最上郡 大蔵村
37%
福島県 耶麻郡 熱塩加納村
37%
福島県 岩瀬郡 岩瀬村
37%
福島県 石川郡 古殿町
37%
福島県 西白河郡 中島村
37%
青森県 中津軽郡 岩木町
35%
青森県 下北郡 大畑町
35%
青森県 三戸郡 南郷村
35%
岩手県 岩手郡 西根町
35%
岩手県 稗貫郡 石鳥谷町
35%
宮城県 加美郡 中新田町
35%
宮城県 本吉郡 歌津町
35%
宮城県 遠田郡 南郷町
35%
宮城県 志田郡 松山町
35%
宮城県 志田郡 三本木町
35%
宮城県 桃生郡 河南町
35%
宮城県 桃生郡 鳴瀬町
35%
秋田県 由利郡 東由利町
35%
山形県 最上郡 舟形町
35%
山形県 飽海郡 松山町
35%
福島県 南会津郡 南郷村
35%
福島県 石川郡 平田村
35%
青森県 上北郡 天間林村
33%
岩手県 東磐井郡 千厩町
33%
岩手県 九戸郡 大野村
33%
岩手県 下閉伊郡 川井村
33%
宮城県 栗原郡 花山村
33%
宮城県 本吉郡 唐桑町
33%
秋田県 平鹿郡 雄物川町
33%
福島県 田村郡 大越町
33%
福島県 北会津郡 北会津村
33%
青森県 北津軽郡 市浦村
30%
岩手県 九戸郡 山形村
30%
秋田県 山本郡 峰浜村
30%
秋田県 北秋田郡 比内町
30%
山形県 東田川郡 羽黒町
30%
山形県 東田川郡 朝日村
30%
青森県 西津軽郡 岩崎村
28%
青森県 南津軽郡 常盤村
28%
岩手県 岩手郡 玉山村
28%
岩手県 上閉伊郡 宮守村
28%
秋田県 南秋田郡 天王町
28%
秋田県 平鹿郡 平鹿町
28%
福島県 伊達郡 月舘町
28%
福島県 伊達郡 梁川町
28%
福島県 伊達郡 飯野町
28%
福島県 耶麻郡 山都町
28%
福島県 大沼郡 会津本郷町
28%
福島県 大沼郡 新鶴村
28%
福島県 南会津郡 伊南村
28%
青森県 三戸郡 名川町
26%
青森県 三戸郡 福地村
26%
岩手県 東磐井郡 大東町
26%
岩手県 東磐井郡 室根村
26%
岩手県 二戸郡 安代町
26%
宮城県 加美郡 宮崎町
26%
宮城県 登米郡 中田町
26%
宮城県 登米郡 豊里町
26%
秋田県 北秋田郡 森吉町
26%
秋田県 仙北郡 協和町
26%
秋田県 仙北郡 西仙北町
26%
秋田県 仙北郡 中仙町
26%
秋田県 由利郡 西目町
26%
福島県 田村郡 都路村
26%
青森県 西津軽郡 柏村
23%
青森県 西津軽郡 稲垣村
23%
青森県 三戸郡 倉石村
23%
岩手県 和賀郡 沢内村
23%
岩手県 胆沢郡 衣川村
23%
岩手県 東磐井郡 東山町
23%
宮城県 栗原郡 高清水町
23%
宮城県 栗原郡 瀬峰町
23%
宮城県 加美郡 小野田町
23%
宮城県 本吉郡 津山町
23%
宮城県 遠田郡 田尻町
23%
宮城県 桃生郡 北上町
23%
秋田県 南秋田郡 昭和町
23%
秋田県 南秋田郡 飯田川町
23%
秋田県 仙北郡 仙南村
23%
秋田県 由利郡 岩城町
23%
秋田県 由利郡 鳥海町
23%
福島県 耶麻郡 塩川町
23%
福島県 南会津郡 舘岩村
23%
青森県 中津軽郡 相馬村
21%
岩手県 稗貫郡 大迫町
21%
岩手県 東磐井郡 川崎村
21%
宮城県 栗原郡 鶯沢町
21%
秋田県 河辺郡 雄和町
21%
秋田県 北秋田郡 合川町
21%
秋田県 北秋田郡 田代町
21%
秋田県 仙北郡 六郷町
21%
秋田県 仙北郡 南外村
21%
秋田県 仙北郡 西木村
21%
秋田県 平鹿郡 増田町
21%
秋田県 平鹿郡 山内村
21%
福島県 安達郡 白沢村
21%
福島県 田村郡 常葉町
21%
福島県 岩瀬郡 長沼町
21%
福島県 西白河郡 大信村
21%
青森県 南津軽郡 尾上町
19%
岩手県 東磐井郡 藤沢町
19%
岩手県 下閉伊郡 新里村
19%
宮城県 登米郡 南方町
19%
宮城県 登米郡 米山町
19%
秋田県 山本郡 八竜町
19%
秋田県 仙北郡 太田町
19%
秋田県 平鹿郡 大雄村
19%
山形県 飽海郡 八幡町
19%
山形県 東田川郡 藤島町
19%
福島県 安達郡 岩代町
19%
福島県 西白河郡 東村
19%
福島県 西白河郡 表郷村
19%
秋田県 南秋田郡 若美町
16%
秋田県 山本郡 琴丘町
16%
秋田県 仙北郡 千畑町
16%
秋田県 平鹿郡 大森町
16%
山形県 東田川郡 櫛引町
16%
山形県 東田川郡 立川町
16%
福島県 田村郡 滝根町
16%
福島県 耶麻郡 高郷村
16%
福島県 河沼郡 河東町
16%
秋田県 雄勝郡 皆瀬村
14%
秋田県 由利郡 大内町
12%
秋田県 雄勝郡 稲川町
12%
山形県 飽海郡 平田町
12%
秋田県 仙北郡 神岡町
9%
No matching quizzes found
Score Distribution
Percent of People with Each Score
Percentile by Number Answered
Your Score History
You have not taken this quiz